000
00241nam a2200097Ia 4500
008
240331s9999 xx 000 0 und d
082
_b
ROB
100
_a
Roberts, M
245
0
_a
Narrating Tamil nationalism subjectivities and issues
942
_c
L
999
_c
2035
_d
2035